01444 a2200217 45000010006000000050017000060080041000230030015000640400040000790800070001192450091001890200018002802640038002983000019003365050693003551000021010487000021010696500020010908560094011106500022012043784620260407155645.0260407a1994 arg spa dAR-UNSa-BCEJYS aAR-UNSa-BCEJYSbspacAR-UNSa-BCEJYS a658.56xControl de la calidad. Control de herramientas y material10aCalidad total y normalizaciónpISO 9000, las normas para la calidad en la práctica a84-8088-025-2 1aBarcelona :bGestión 2000c1994 a194 p.c26 cm. a1. La normalización nacional e internacional - 2. Normalización, homologación y certificación - 3. Sistemas de calidad - 4. Descripción de las normas - 5. Implementación de la calidad y el registro de empresas - 6. Auditoría de los sistemas de calidad - 7. El manual de la calidad - 8. El manual de procedimientos - 9. La relación proveedor- cliente - 10. Calidad y formación seguran el futuro - 11. Los estilos del mando - 12. Consejos de los expertos - 13. Chequeos y diagnósticos - 14. Terminología y conceptos fundamentales - 15. Costes de calidad y no calidad - 16. Las normas.Resumen y comentarios - 17. Calidad en los servicios - 18. Los premios a la calidad.1 aSenlle, Andrés1 aStoll, Guillermo aNormas ISO 900041uhttps://biblioeco.unsa.edu.ar/pmb/images/libros/L65208.jpgyImagen de portadaqimage/jpeg a normas iso 9000